[Event "38th Olympiad w"]
[Site "Dresden GER"]
[Date "2008.11.13"]
[Round "1"]
[White "Harika,D"]
[Black "Heinatz,G"]
[Result "1/2-1/2"]
[WhiteElo "2461"]
[BlackElo "2227"]
[EventDate "2008.11.13"]

1. Nf3 d5 2. d4 Nf6 3. c4 c6 4. Qc2 dxc4 5. Qxc4 Bf5 6. g3 e6 7. Bg2 Be7 8.
O-O O-O 9. Nc3 Ne4 10. Re1 Nxc3 11. bxc3 Be4 12. Qb3 Qb6 13. Ne5 Bxg2 14.
Kxg2 Rd8 15. Rb1 Qxb3 16. Rxb3 b6 17. a4 f6 18. Nc4 Nd7 19. e4 Rac8 20. Be3
b5 21. Na5 Nb6 22. axb5 cxb5 23. Rc1 a6 24. d5 Nc4 25. Nxc4 Rxc4 26. Ra1
Rxe4 27. Rxa6 Rxd5 28. Rb6 Bc5 29. Bxc5 Rxc5 30. R6xb5 Rxb5 31. Rxb5 Rc4
32. Rb3 g5 33. Kf3 Kf7 34. Ke3 Rc5 35. f3 h5 36. Kd3 Rf5 37. Ke2 Rc5 38.
Kd2 Kg6 39. Rb2 e5 40. Rc2 Kf5 41. c4 g4 42. Ke3 gxf3 43. Kxf3 Ke6 44. Ke3
f5 45. Kd3 Rc8 46. Ra2 f4 47. gxf4 exf4 48. Ra5 h4 49. Rh5 Rf8 50. Ke2 f3+
51. Kf2 Rf4 52. c5 Kd7 53. Rh6 Kc7 54. h3 Kd7 55. Rg6 Rc4 56. Rd6+ Kc7 57.
Kxf3 Rxc5 58. Rd4 Rh5 59. Kg4 Rh8 60. Kg5 Kc8 61. Kf6 Kc7 62. Ke6 Rh6+ 63.
Ke7 Rh7+ 64. Kf6 Rh6+ 65. Kg7 Rh5 66. Kg6 Rh8 67. Kg5 Kc8 68. Rxh4 Rxh4 69.
Kxh4 Kd8 70. Kg5 Ke8 71. Kg6 Kf8 72. Kh7 Kf7 73. h4 Kf8 74. h5 Kf7 75. h6
Kf8 76. Kh8 Kf7 77. h7 Kf8 1/2-1/2

[Event "38th Olympiad w"]
[Site "Dresden GER"]
[Date "2008.11.13"]
[Round "1"]
[White "Seps,M"]
[Black "Sachdev,T"]
[Result "1/2-1/2"]
[WhiteElo "2203"]
[BlackElo "2425"]
[EventDate "2008.11.13"]

1. e4 e5 2. Nf3 Nc6 3. Nc3 Nf6 4. Bb5 Bd6 5. O-O O-O 6. d3 h6 7. h3 a6 8.
Bxc6 dxc6 9. Be3 c5 10. Nd2 Re8 11. Qe2 Be6 12. f4 exf4 13. Bxf4 Be7 14.
Kh1 Nd7 15. Nf3 Nf8 16. Rad1 Ng6 17. Bg3 Qc8 18. Qf2 Rd8 19. Ne2 Rf8 20.
Nf4 Nxf4 21. Bxf4 Kh7 22. Qg3 c6 23. Be5 Rg8 24. Bc3 Qb8 25. Be5 Qc8 26.
Bc3 Qb8 27. Be5 Qc8 1/2-1/2

[Event "38th Olympiad w"]
[Site "Dresden GER"]
[Date "2008.11.14"]
[Round "2"]
[White "Rogule,L"]
[Black "Harika,D"]
[Result "1/2-1/2"]
[WhiteElo "2260"]
[BlackElo "2461"]
[EventDate "2008.11.13"]

1. c4 c5 2. Nc3 Nc6 3. g3 g6 4. Bg2 Bg7 5. d3 d6 6. e4 e5 7. Nge2 Nge7 8.
O-O O-O 9. Be3 Nd4 10. a3 Nec6 11. Rb1 a5 12. Qd2 Nb3 13. Qd1 Nbd4 14. Qd2
Nb3 15. Qd1 Nbd4 1/2-1/2

[Event "38th Olympiad w"]
[Site "Dresden GER"]
[Date "2008.11.14"]
[Round "2"]
[White "Sachdev,T"]
[Black "Berzina,I"]
[Result "1-0"]
[WhiteElo "2425"]
[BlackElo "2320"]
[EventDate "2008.11.13"]

1. d4 d5 2. c4 e6 3. Nf3 c6 4. Nbd2 Nf6 5. g3 Be7 6. Bg2 O-O 7. O-O c5 8.
dxc5 Na6 9. cxd5 Nxd5 10. e4 Nf6 11. c6 bxc6 12. a3 Nc5 13. Ne5 Qc7 14.
Nec4 e5 15. Qc2 Rd8 16. b4 Nd3 17. Bb2 Ba6 18. Bc3 Qd7 19. h3 Bb5 20. Rfb1
c5 21. Qa2 cxb4 22. Bxb4 Bxb4 23. axb4 Qd4 24. Ne3 Nxf2 25. Kxf2 Qxd2+ 26.
Qxd2 Rxd2+ 27. Kg1 a6 28. Rd1 Rb2 29. Nd5 Kf8 30. Nc7 Rb8 31. Nxa6 Bxa6 32.
Rxa6 R2xb4 33. Ra7 R8b7 34. Rxb7 Rxb7 35. Ra1 Ke7 36. Ra2 Nd7 37. Kf2 Nc5
38. Bf3 Ne6 39. h4 Nd4 40. Bg2 Rc7 41. Bf1 f6 42. Bd3 Nb3 43. Rc2 Rxc2+ 44.
Bxc2 Nd4 45. Bd3 Kd6 46. Bc4 Kc5 47. Bg8 h6 48. Bh7 Kc4 49. Ke3 Kc3 50. Bg6
Kc2 51. Bh5 Kc3 52. Bd1 Nc2+ 53. Ke2 Na3 54. Kf3 Kd4 55. Kg4 Nb5 56. Kf5
Nd6+ 57. Kg6 Kxe4 58. Kxg7 Nf5+ 59. Kxf6 Nxg3 60. h5 Kf4 61. Kg6 Nf5 62.
Be2 e4 63. Ba6 e3 64. Bd3 Ke5 65. Ba6 Ke4 66. Bb7+ Kd4 67. Ba6 Nd6 68. Be2
Nf5 69. Kxf5 1-0

[Event "38th Olympiad w"]
[Site "Dresden GER"]
[Date "2008.11.14"]
[Round "2"]
[White "Skinke,K"]
[Black "Swathi,G"]
[Result "1/2-1/2"]
[WhiteElo "2186"]
[BlackElo "2320"]
[EventDate "2008.11.13"]

1. e4 c5 2. Nf3 Nc6 3. d4 cxd4 4. Nxd4 Nf6 5. Nc3 e5 6. Ndb5 d6 7. Bg5 a6
8. Na3 b5 9. Nd5 Be7 10. Bxf6 Bxf6 11. c3 Bg5 12. Nc2 Ne7 13. Nce3 Bxe3 14.
Nxe3 Bb7 15. Qg4 O-O 16. Rd1 Qc7 17. Bd3 Rad8 18. O-O g6 19. h4 d5 20. Nxd5
Nxd5 21. exd5 Rxd5 22. Bc2 Rfd8 23. Bb3 Rxd1 24. Rxd1 Kg7 25. h5 Rxd1+ 26.
Qxd1 Qc6 27. Qg4 Qd6 28. hxg6 hxg6 29. Qe2 Bc6 30. Qe3 Bd7 31. Qf3 Be6 32.
Bxe6 Qxe6 33. b3 Qd6 34. Qe2 f5 35. c4 bxc4 36. Qxc4 Qd1+ 37. Kh2 Qh5+ 38.
Kg1 Qd1+ 39. Kh2 Qh5+ 40. Kg1 Qd1+ 1/2-1/2

[Event "38th Olympiad w"]
[Site "Dresden GER"]
[Date "2008.11.14"]
[Round "2"]
[White "Gomes,Mary"]
[Black "Ni,V"]
[Result "1-0"]
[WhiteElo "2298"]
[BlackElo "2168"]
[EventDate "2008.11.13"]

1. Nf3 Nf6 2. c4 g6 3. g3 Bg7 4. Bg2 O-O 5. O-O d6 6. d4 a6 7. Nc3 Nc6 8.
h3 Bd7 9. e4 e5 10. dxe5 dxe5 11. Be3 Be6 12. Qa4 Qd3 13. Nd5 b5 14. cxb5
axb5 15. Qd1 Qxd1 16. Rfxd1 Rac8 17. Rac1 Bxd5 18. exd5 Ne7 19. Rc5 Rfd8
20. Nxe5 Nfxd5 21. Bxd5 Bxe5 22. Bxf7+ Kxf7 23. Rxd8 Rxd8 24. Rxe5 Rd1+ 25.
Kg2 Nd5 26. Bc5 c6 27. Re2 Rc1 28. Bd6 Ra1 29. a3 Rc1 30. f4 Rd1 31. Bc5
Rc1 32. Bf2 Nc7 33. Kf3 Ne6 34. Ke4 Rh1 35. h4 Ng7 36. Rc2 Rf1 37. g4 h5
38. gxh5 Nxh5 39. Kf3 Rb1 40. Be3 Rf1+ 41. Kg2 Re1 42. Bc1 Re6 43. Kf3 Nf6
44. Be3 Nd5 45. Bd4 Ke7 46. Be5 Kd7 47. Rh2 Re7 48. Kg4 Rh7 49. Kg5 Ne7 50.
Rd2+ Ke6 51. Rd6+ Kf7 52. Rf6+ Ke8 53. Bd6 Rh5+ 54. Kg4 Nc8 55. Rxg6 Rd5
56. Be5 Ne7 57. Rd6 Rc5 58. h5 Rc1 59. h6 Rg1+ 60. Kf3 Rh1 61. Bg7 Rh2 62.
b3 Rh3+ 63. Kg4 Rh1 64. a4 bxa4 65. bxa4 Kf7 66. f5 Rg1+ 67. Kh3 Rc1 68.
Rf6+ Ke8 69. h7 Rh1+ 70. Kg2 Rxh7 71. Rf8+ Kd7 72. f6 Ng6 73. Rf7+ Ke6 74.
Ra7 Ne5 75. Re7+ Kf5 76. a5 Kf4 77. Rxe5 Kxe5 78. a6 1-0

[Event "38th Olympiad w"]
[Site "Dresden GER"]
[Date "2008.11.16"]
[Round "4"]
[White "Harika,D"]
[Black "Paehtz,E"]
[Result "1/2-1/2"]
[WhiteElo "2461"]
[BlackElo "2471"]
[EventDate "2008.11.13"]

1. Nf3 d5 2. d4 Nf6 3. c4 e6 4. Nc3 Bb4 5. cxd5 exd5 6. Bg5 O-O 7. e3 c5 8.
dxc5 Bxc3+ 9. bxc3 Be6 10. Bxf6 Qxf6 11. Qd4 Qe7 12. Bb5 Rc8 13. Rb1 Rxc5
14. O-O a6 15. Be2 Nc6 16. Qd2 Rc8 17. Bd3 Bg4 18. Nd4 Ne5 19. Rb3 Qc7 20.
Rc1 Bd7 21. h3 Ba4 22. Rb4 Bd7 23. Rb3 Ba4 24. Rb4 1/2-1/2

[Event "38th Olympiad w"]
[Site "Dresden GER"]
[Date "2008.11.16"]
[Round "4"]
[White "Kachiani,K"]
[Black "Sachdev,T"]
[Result "0-1"]
[WhiteElo "2371"]
[BlackElo "2425"]
[EventDate "2008.11.13"]

1. d4 Nf6 2. c4 e6 3. g3 c5 4. d5 exd5 5. cxd5 d6 6. Nc3 g6 7. Bg2 Bg7 8.
Nf3 O-O 9. O-O a6 10. a4 Nbd7 11. Bf4 Qe7 12. h3 h6 13. Qc1 g5 14. Bd2 Re8
15. h4 g4 16. Ne1 h5 17. Bh6 Qf8 18. Bxg7 Qxg7 19. Nc2 Ne5 20. Qf4 Bd7 21.
a5 Rad8 22. Ne3 Bc8 23. b4 Ng6 24. Qc4 Nd7 25. Ne4 Nde5 26. Qb3 f5 27. Ng5
f4 28. Ne6 Bxe6 29. dxe6 Kh8 30. Nc4 Rxe6 31. bxc5 dxc5 32. Rad1 Rf8 33.
Nxe5 Rxe5 34. Qxb7 Rxe2 35. Rd7 Re7 36. Rxe7 Nxe7 37. gxf4 Ng6 38. f5 Nxh4
39. Qxa6 Nf3+ 40. Kh1 Qg5 41. Bxf3 gxf3 0-1

[Event "38th Olympiad w"]
[Site "Dresden GER"]
[Date "2008.11.16"]
[Round "4"]
[White "Swathi,G"]
[Black "Michna,Mart"]
[Result "1/2-1/2"]
[WhiteElo "2320"]
[BlackElo "2399"]
[EventDate "2008.11.13"]

1. e4 e6 2. d4 d5 3. Nc3 Nc6 4. Nf3 Nf6 5. e5 Ne4 6. Bd3 Bb4 7. Bd2 Nxd2 8.
Qxd2 Bd7 9. a3 Bxc3 10. Qxc3 f6 11. exf6 Qxf6 12. Bb5 O-O 13. O-O a6 14.
Bxc6 Bxc6 15. Qe3 Rae8 16. Ne5 Bb5 17. Rfe1 Re7 18. c3 Be8 19. Re2 Bg6 20.
Rae1 Bf5 21. g4 Bg6 22. f3 Be8 23. Rf2 g5 24. Kg2 Bg6 25. h4 gxh4 26. Qh6
Rg7 27. Kh3 Qe7 28. Qxh4 Qd6 29. Qg3 c5 30. Nxg6 Qxg3+ 31. Kxg3 Rxg6 32.
dxc5 h5 33. Rfe2 Kf7 34. Rd1 Rc8 35. Rh1 hxg4 36. fxg4 Rxc5 37. Rh7+ Kf6
38. Rxb7 Rc4 39. Rb6 Rcxg4+ 40. Kf3 Rg3+ 41. Kf2 Rg2+ 42. Ke1 Rxe2+ 43.
Kxe2 a5 44. a4 Rg4 45. b4 Rg2+ 46. Kd3 Ra2 47. Ra6 axb4 48. cxb4 Kf5 49. b5
Ke5 1/2-1/2

[Event "38th Olympiad w"]
[Site "Dresden GER"]
[Date "2008.11.16"]
[Round "4"]
[White "Hoolt,S"]
[Black "Gomes,Mary"]
[Result "0-1"]
[WhiteElo "2274"]
[BlackElo "2298"]
[EventDate "2008.11.13"]

1. e4 c5 2. Nf3 d6 3. d4 cxd4 4. Nxd4 Nf6 5. Nc3 a6 6. g3 e5 7. Nb3 b5 8.
a4 b4 9. Nd5 Bb7 10. Nxf6+ Qxf6 11. Bg2 a5 12. O-O Nd7 13. Re1 Qe6 14. Nd2
Be7 15. b3 Nb6 16. Nf1 d5 17. exd5 Bxd5 18. Bxd5 Nxd5 19. Qh5 Bf6 20. Bb2
O-O 21. Ne3 g6 22. Qg4 Nxe3 23. Qxe6 fxe6 24. Rxe3 Rac8 25. Re2 e4 26. Bxf6
Rxf6 27. Rd1 Rf5 28. Rdd2 Rd5 29. Kf1 Kf7 30. Ke1 Rcd8 31. Rxd5 exd5 32.
Kd2 Rc8 33. Re3 Ke6 34. f3 Ke5 35. fxe4 dxe4 36. Re1 Kd4 37. Rf1 e3+ 38.
Kd1 e2+ 39. Kxe2 Rxc2+ 40. Kf3 Rxh2 41. Kg4 Kc3 42. Rf3+ Kc2 43. Re3 Rh5
44. Kf4 Rc5 45. Kg4 Rc3 46. Re5 Kxb3 47. Rxa5 Ka2 0-1

[Event "38th Olympiad w"]
[Site "Dresden GER"]
[Date "2008.11.17"]
[Round "5"]
[White "Sachdev,T"]
[Black "Hoang Thanh Trang"]
[Result "1/2-1/2"]
[WhiteElo "2425"]
[BlackElo "2483"]
[EventDate "2008.11.13"]

1. d4 e6 2. Nf3 b6 3. g3 Bb7 4. Bg2 f5 5. O-O Nf6 6. c4 g6 7. Nc3 Bg7 8. d5
Qc8 9. Bf4 O-O 10. Qd2 Na6 11. Bh6 Nc5 12. Bxg7 Kxg7 13. dxe6 dxe6 14. b4
Nce4 15. Nxe4 Bxe4 16. Qc3 Qb7 17. Rfd1 Rae8 18. Qe5 Re7 19. Rd2 Kg8 20.
Rad1 Qa8 21. h3 h6 22. a3 Kh7 23. Ne1 Bxg2 24. Nxg2 Qe4 25. Qc3 e5 26. f3
Qc6 27. Ne3 f4 28. Nd5 Nxd5 29. Rxd5 Qf6 30. g4 Rfe8 31. Rd7 Qh4 32. Qxe5
Qg3+ 33. Kf1 Qxh3+ 34. Kg1 Qg3+ 35. Kf1 Qh3+ 1/2-1/2

[Event "38th Olympiad w"]
[Site "Dresden GER"]
[Date "2008.11.17"]
[Round "5"]
[White "Vajda,S"]
[Black "Mohota,N"]
[Result "1-0"]
[WhiteElo "2380"]
[BlackElo "2311"]
[EventDate "2008.11.13"]

1. e4 e5 2. Nf3 Nc6 3. Bb5 a6 4. Ba4 Nf6 5. d4 exd4 6. O-O Be7 7. Re1 b5 8.
e5 Nxe5 9. Rxe5 d6 10. Re1 bxa4 11. Nxd4 Bd7 12. Qf3 O-O 13. Nc6 Bxc6 14.
Qxc6 d5 15. Qxa4 Ne4 16. Nd2 Nc5 17. Qd4 Re8 18. Nf3 Ne4 19. Qa4 Bf6 20.
Rb1 Rb8 21. Bf4 Re6 22. Qa5 Rc6 23. c3 Rb5 24. Qa4 Nc5 25. Qc2 Ne6 26. Be5
h6 27. Rbd1 Bxe5 28. Nxe5 Rd6 29. c4 dxc4 30. Nxc4 Rxd1 31. Rxd1 Rd5 32.
Ne3 Rxd1+ 33. Qxd1 Qf6 34. Qc2 Qd4 35. h3 g6 36. Nc4 h5 37. Qa4 Qe4 38.
Qxa6 Qe1+ 39. Kh2 Qxf2 40. Qa8+ Kg7 41. Qf3 Qc5 42. Qe4 Qf2 43. a4 h4 44.
a5 Qg3+ 45. Kg1 Kh7 46. Qf3 Qe1+ 47. Qf1 Qe4 48. Qxf7+ Kh6 49. Nd2 Qd5 50.
Nf3 Qd1+ 51. Kh2 Qd6+ 52. Kh1 Qd1+ 53. Ng1 Nd4 54. Qd5 c5 55. Qxc5 Nf5 56.
Kh2 Qe1 57. Nf3 Qg3+ 58. Kg1 Qb8 59. b4 Qd8 60. a6 Ng3 61. Qg5+ 1-0

[Event "38th Olympiad w"]
[Site "Dresden GER"]
[Date "2008.11.17"]
[Round "5"]
[White "Swathi,G"]
[Black "Madl,I"]
[Result "1/2-1/2"]
[WhiteElo "2320"]
[BlackElo "2376"]
[EventDate "2008.11.13"]

1. e4 c5 2. Nf3 d6 3. d4 cxd4 4. Nxd4 Nf6 5. Nc3 Nc6 6. Bg5 e6 7. Qd2 a6 8.
O-O-O Bd7 9. f4 Be7 10. Nf3 b5 11. Bxf6 gxf6 12. f5 Qb6 13. Kb1 O-O-O 14.
g3 Kb8 15. fxe6 fxe6 16. Bh3 Bc8 17. Qe1 Rhe8 18. Rf1 Bf8 19. Ne2 Bg7 20.
Nf4 Re7 21. Rf2 Bh8 22. Rfd2 Qc5 23. Rd3 f5 24. exf5 exf5 25. Qg1 Qxg1 26.
Nxg1 Ne5 27. Re3 Rf7 28. c3 Bb7 29. Bg2 Bxg2 30. Nxg2 Ng4 31. Re6 Nxh2 32.
Nh4 f4 33. gxf4 Rxf4 34. Rh6 Rf7 35. Rh5 Kc7 36. Nh3 Bf6 37. Ng5 Bxg5 38.
Rxg5 Rdf8 39. a4 Rf1 40. Rxf1 Rxf1+ 41. Ka2 Rf4 42. Rg7+ Kb6 43. Rxh7 Rxa4+
44. Kb3 Nf1 45. Nf5 Nd2+ 46. Kc2 Ne4 47. Re7 a5 48. Re8 Nc5 49. Rb8+ Kc7
50. Rxb5 Rf4 51. Nd4 1/2-1/2

[Event "38th Olympiad w"]
[Site "Dresden GER"]
[Date "2008.11.17"]
[Round "5"]
[White "Schneider,Ve"]
[Black "Gomes,Mary"]
[Result "1/2-1/2"]
[WhiteElo "2315"]
[BlackElo "2298"]
[EventDate "2008.11.13"]

1. e4 c5 2. c3 d5 3. exd5 Qxd5 4. d4 g6 5. Nf3 Bg7 6. Na3 cxd4 7. Bc4 Qe4+
8. Be3 Nh6 9. cxd4 O-O 10. O-O Bg4 11. Ng5 Qxe3 12. fxe3 Bxd1 13. Raxd1 Nd7
14. Ne6 Rfc8 15. Nxg7 Kxg7 16. g4 Nb6 17. Bb3 e6 18. h3 Ng8 19. Nb5 Rd8 20.
e4 a6 21. Nc3 Rac8 22. Rf2 Rc7 23. e5 Ne7 24. Ne4 Nc6 25. Nd6 Nc8 26. Nxc8
Rcxc8 27. Rfd2 Na5 28. Rd3 Rd7 29. R1d2 Nxb3 30. Rxb3 f6 31. exf6+ Kxf6 32.
Kf2 Rc1 33. Rb6 Ke7 34. Re2 Rd1 35. Rexe6+ Kd8 36. Re4 Kc7 37. Rb4 a5 38.
Rc4+ Kd6 39. Rc2 Rf7+ 40. Kg2 b6 41. Rce2 Kd5 42. Re6 Rb7 43. b3 Rd3 44.
R2e4 Rf7 45. R6e5+ Kd6 46. Re6+ Kd5 47. R6e5+ Kd6 48. Re6+ 1/2-1/2

[Event "38th Olympiad w"]
[Site "Dresden GER"]
[Date "2008.11.19"]
[Round "6"]
[White "Sedina,E"]
[Black "Harika,D"]
[Result "1/2-1/2"]
[WhiteElo "2365"]
[BlackElo "2461"]
[EventDate "2008.11.13"]

1. e4 c5 2. Nf3 g6 3. d4 Bg7 4. c3 cxd4 5. cxd4 d5 6. exd5 Nf6 7. Bc4 O-O
8. Nc3 Nbd7 9. O-O Nb6 10. Bb3 Nfxd5 11. h3 a5 12. Re1 Nxc3 13. bxc3 a4 14.
Bc2 Qc7 15. Bg5 Be6 16. Be4 Rfd8 17. Qc1 Rac8 18. Qa3 Qxc3 19. Qxc3 Rxc3
20. Bxe7 Rd7 21. Bc5 Rxc5 22. dxc5 Bxa1 23. Rxa1 Nd5 24. Rd1 Nf6 25. Rxd7
Nxd7 26. c6 bxc6 27. Bxc6 Nb6 28. a3 Kf8 29. Nd4 Ke7 30. Nxe6 fxe6 31. f4
Kd6 32. Be8 Kd5 33. Kf2 Kc4 34. Kf3 Kb3 35. Ke4 Kxa3 36. Ke5 Nd5 37. g4 Nc7
38. Bxa4 Kxa4 39. f5 exf5 40. gxf5 gxf5 41. Kxf5 Kb4 42. Kg5 Ne6+ 43. Kh6
Nf4 1/2-1/2

[Event "38th Olympiad w"]
[Site "Dresden GER"]
[Date "2008.11.19"]
[Round "6"]
[White "Gomes,Mary"]
[Black "Brunello,M"]
[Result "1-0"]
[WhiteElo "2298"]
[BlackElo "2117"]
[EventDate "2008.11.13"]

1. Nf3 Nf6 2. g3 d5 3. Bg2 e6 4. O-O Be7 5. d3 O-O 6. Nbd2 c5 7. e4 Nc6 8.
Qe2 Rb8 9. e5 Nd7 10. Re1 b5 11. Nf1 Bb7 12. h4 Qb6 13. h5 h6 14. Bf4 d4
15. N1h2 Nb4 16. Ng4 Rfc8 17. Qd2 Bf8 18. Bxh6 gxh6 19. Nxh6+ Bxh6 20. Qxh6
Bxf3 21. Bxf3 Nd5 22. Bxd5 exd5 23. e6 Nf8 24. Qg5+ Kh7 25. Qf5+ Kg7 26.
Qxf7+ Kh8 27. h6 1-0

[Event "38th Olympiad w"]
[Site "Dresden GER"]
[Date "2008.11.20"]
[Round "7"]
[White "Sachdev,T"]
[Black "Djingarova,E"]
[Result "1-0"]
[WhiteElo "2425"]
[BlackElo "2352"]
[EventDate "2008.11.13"]

1. d4 Nf6 2. c4 g6 3. g3 Bg7 4. Bg2 d5 5. cxd5 Nxd5 6. e4 Nb6 7. Ne2 c5 8.
d5 e6 9. O-O exd5 10. exd5 O-O 11. Nbc3 Bf5 12. Be3 Na6 13. b3 Re8 14. Qd2
Qd7 15. Rfd1 Rac8 16. a3 h5 17. Rac1 Kh7 18. h4 Rcd8 19. Nf4 Nc8 20. Bf1
Nd6 21. Kh2 b5 22. Re1 b4 23. Na4 Ne4 24. Qd1 Qd6 25. axb4 Nxb4 26. Nxc5
Nxd5 27. Nxd5 Qxd5 28. Qxd5 Rxd5 29. Nxe4 Bxe4 30. Bxa7 Rde5 31. b4 Bf3 32.
Rxe5 Bxe5 33. Bg2 Bxg2 34. Kxg2 Bb8 35. Bxb8 Rxb8 36. Rb1 Kg7 37. Kf3 Kf6
38. Ke4 Ke6 39. b5 Rb6 40. Kd4 Kd6 41. Kc4 Kc7 42. Ra1 Rf6 43. f4 Kb7 44.
Ra6 Rf5 45. Rd6 Kc7 46. Rd5 Rf6 47. Kc5 Re6 48. Re5 Rf6 49. Re7+ Kd8 50.
Ra7 Kc8 51. b6 Rf5+ 52. Kc6 Rf6+ 53. Kb5 Re6 54. Ka6 Re3 55. Ra8+ Kd7 56.
b7 Ra3+ 57. Kb6 Rb3+ 58. Ka7 Ra3+ 59. Kb8 Rxg3 60. Ra7 1-0

[Event "38th Olympiad w"]
[Site "Dresden GER"]
[Date "2008.11.20"]
[Round "7"]
[White "Voiska,M"]
[Black "Swathi,G"]
[Result "1-0"]
[WhiteElo "2318"]
[BlackElo "2320"]
[EventDate "2008.11.13"]

1. d4 Nf6 2. Nf3 e6 3. e3 b6 4. Bd3 Bb7 5. O-O Be7 6. c4 O-O 7. Nc3 d5 8.
cxd5 exd5 9. b3 Nbd7 10. Bb2 a6 11. Rc1 Bd6 12. Ne2 Re8 13. Ng3 g6 14. Qc2
Ng4 15. Rfe1 Ndf6 16. Ne5 Rc8 17. f4 Nh6 18. Qe2 Ra8 19. Rf1 Ne4 20. Bxe4
dxe4 21. d5 Bxd5 22. Rfd1 Bb7 23. Nc4 Re6 24. Nxd6 Rxd6 25. Rxd6 Qxd6 26.
Be5 Qd5 27. Rxc7 Rd8 28. h3 b5 29. Kh2 Rf8 30. Qb2 f6 31. Bxf6 Rf7 32. Rxf7
Qxf7 33. Qe5 Qf8 34. Be7 Qa8 35. Bc5 Nf7 36. Qf6 Qd8 37. Be7 Qd7 38. Ba3
Qd8 39. Qc3 Qf8 1-0

[Event "38th Olympiad w"]
[Site "Dresden GER"]
[Date "2008.11.21"]
[Round "8"]
[White "Bojkovic,N"]
[Black "Sachdev,T"]
[Result "0-1"]
[WhiteElo "2420"]
[BlackElo "2425"]
[EventDate "2008.11.13"]

1. e4 e5 2. Nf3 Nc6 3. Bb5 a6 4. Bxc6 dxc6 5. O-O f6 6. d4 exd4 7. Nxd4 c5
8. Ne2 Qxd1 9. Rxd1 Bd7 10. Nbc3 O-O-O 11. Be3 b6 12. Rd2 Re8 13. Rad1 Bc6
14. f3 Ne7 15. Nf4 Ng6 16. Nxg6 hxg6 17. Bf4 Be7 18. Nd5 Bd8 19. h3 f5 20.
exf5 gxf5 21. Bg3 Bg5 22. Bf4 Bd8 23. Bg3 Rhf8 24. c4 g5 25. Bf2 Re6 26.
Re1 Rxe1+ 27. Bxe1 Re8 28. Kf1 Bd7 29. Nc3 Be6 30. b3 c6 31. Bf2 Be7 32.
Re2 Bf6 33. Na4 Kc7 34. Rd2 Rd8 35. Rxd8 Bxd8 36. g4 Bf6 37. Ke2 Bg8 38.
Bg3+ Kb7 39. Bd6 Bh7 40. Kd2 fxg4 41. hxg4 Bd8 42. Nc3 Kc8 43. Ne4 Kd7 44.
Bg3 Be7 45. Ke3 b5 46. Be5 Bg6 47. Bg7 Bf7 48. Kd3 Ke6 49. Bh6 Bg6 50. Ke3
Bxe4 51. Kxe4 Kf6 52. f4 gxf4 53. Bxf4 Ke6 54. g5 Bf8 55. Be5 Be7 56. g6
Bh4 57. Bb2 Bg3 58. Kf3 Be1 59. Kg4 Bd2 60. g7 Kf7 61. Kf5 Be3 62. Ke5 b4
63. Kd6 Bd4 64. Bc1 Kxg7 65. Kxc6 Kf6 66. Bf4 Kf5 67. Bd6 Ke4 68. Bxc5 Bc3
69. Kb6 Kd3 70. Kxa6 Kc2 71. Kb5 0-1

[Event "38th Olympiad w"]
[Site "Dresden GER"]
[Date "2008.11.21"]
[Round "8"]
[White "Swathi,G"]
[Black "Stojanovic,An"]
[Result "1/2-1/2"]
[WhiteElo "2320"]
[BlackElo "2357"]
[EventDate "2008.11.13"]

1. e4 c5 2. Nf3 d6 3. d4 cxd4 4. Nxd4 Nf6 5. Nc3 Nc6 6. Bg5 e6 7. Qd2 Qb6
8. Nb3 a6 9. O-O-O Be7 10. f3 O-O 11. g4 Rd8 12. Be3 Qc7 13. g5 Nd7 14. h4
b5 15. Qf2 Nce5 16. Kb1 b4 17. Ne2 Nc4 18. Bc1 a5 19. h5 Bb7 20. g6 Bf6 21.
gxf7+ Kxf7 22. Ned4 Ndb6 23. h6 g6 24. Bh3 Re8 25. Rhe1 a4 26. Nd2 Qc5 27.
Nxc4 Nxc4 28. f4 Kg8 29. Re2 e5 30. fxe5 Bxe5 31. Qg1 b3 32. cxb3 axb3 33.
Nxb3 Qb5 34. Nd4 Bxe4+ 35. Rxe4 Bxd4 36. Rexd4 Na3+ 37. Ka1 Nc2+ 38. Kb1
Na3+ 39. Ka1 Nc2+ 1/2-1/2

[Event "38th Olympiad w"]
[Site "Dresden GER"]
[Date "2008.11.21"]
[Round "8"]
[White "Chelushkina,I"]
[Black "Gomes,Mary"]
[Result "1-0"]
[WhiteElo "2360"]
[BlackElo "2298"]
[EventDate "2008.11.13"]

1. Nf3 Nf6 2. g3 b6 3. Bg2 Bb7 4. d4 e6 5. O-O Be7 6. c4 O-O 7. Nc3 d6 8.
Re1 Ne4 9. Qc2 f5 10. d5 Nxc3 11. Nd4 Ne4 12. Nxe6 Qe8 13. Nxc7 Qf7 14.
Nxa8 Bxa8 15. f3 Nc5 16. b4 Ncd7 17. Bb2 b5 18. cxb5 Bxd5 19. a4 f4 20. Bd4
Nb6 21. a5 Nc4 22. gxf4 Qxf4 23. e3 Qf7 24. e4 Be6 25. Bxa7 Bh4 26. Bf2
Bxf2+ 27. Qxf2 Qd7 28. a6 Qxb5 29. a7 Na6 30. f4 Nc7 31. f5 Na8 32. Qd4 Bf7
33. Bf1 Qe5 34. Red1 Ncb6 35. Qxe5 dxe5 36. Ra5 Re8 37. Bb5 Rc8 38. Ba6 Re8
39. Bb7 Bb3 40. Rc1 Kf7 41. Bxa8 Nxa8 42. Ra3 1-0

[Event "38th Olympiad w"]
[Site "Dresden GER"]
[Date "2008.11.22"]
[Round "9"]
[White "Harika,D"]
[Black "Sebag,M"]
[Result "1-0"]
[WhiteElo "2461"]
[BlackElo "2533"]
[EventDate "2008.11.13"]

1. d4 d5 2. c4 c6 3. Nf3 Nf6 4. Nbd2 Bf5 5. Nh4 Bg6 6. Qb3 Qc7 7. Nxg6 hxg6
8. g3 e6 9. Bg2 Nbd7 10. O-O Be7 11. e4 dxe4 12. Nxe4 Nxe4 13. Bxe4 O-O 14.
Be3 Nf6 15. Bf3 Rfd8 16. Rad1 Rd7 17. Rfe1 Qa5 18. Bd2 Qf5 19. Re5 Qh3 20.
Bg5 Rad8 21. d5 cxd5 22. cxd5 Nxd5 23. Rdxd5 Rxd5 24. Rxd5 Rxd5 25. Bxe7
Rd7 26. Ba3 Qf5 27. Kg2 b5 28. Qb4 a6 29. b3 Kh7 30. Bb2 Qc2 31. Qc3 Qxc3
32. Bxc3 f6 33. Be1 e5 34. a4 bxa4 35. bxa4 f5 36. a5 e4 37. Be2 Rd6 38. h4
Rc6 39. Bf1 Rc1 40. Bd2 Rc2 41. Be3 Ra2 42. Bxa6 Rxa5 43. Bc4 Ra4 44. Bf7
Ra6 45. Kf1 Rf6 46. Bb3 Rc6 47. Ke2 Rc3 48. Bd5 Rd3 49. Ba2 Rc3 50. Kd2
Rd3+ 51. Kc2 Rd6 52. Bc4 Rd7 53. Kc3 Rd1 54. Kb4 Rb1+ 55. Kc5 Rb2 56. Bd5
g5 57. hxg5 Kg6 58. Kd6 Kh5 59. Ke7 g6 60. Kf6 Rc2 61. Bb3 Rc6+ 62. Ke5 Kg4
63. Bd1+ Kh3 64. Kf4 Rd6 65. Be2 Rd5 66. Bf1+ Kh2 67. Bc4 Rd6 68. g4 fxg4
69. Kxg4 Kg2 70. Bf7 Ra6 71. Bd5 Kf1 72. Bc4+ 1-0

[Event "38th Olympiad w"]
[Site "Dresden GER"]
[Date "2008.11.22"]
[Round "9"]
[White "Skripchenko,A"]
[Black "Sachdev,T"]
[Result "1/2-1/2"]
[WhiteElo "2455"]
[BlackElo "2425"]
[EventDate "2008.11.13"]

1. e4 c5 2. b3 d6 3. Bb2 Nd7 4. f4 Qc7 5. Qf3 e6 6. Ne2 Ngf6 7. g4 b6 8.
Ng3 Bb7 9. g5 Ng8 10. Nc3 Ne7 11. Bg2 h6 12. h4 O-O-O 13. O-O-O a6 14. Kb1
Nc6 15. Nce2 Kb8 16. Qf2 Rg8 17. c3 g6 18. d4 cxd4 19. cxd4 b5 20. Nc3 Qb6
21. Qd2 Ne7 22. h5 gxh5 23. Nxh5 Qa5 24. d5 e5 25. fxe5 Nxe5 26. gxh6 Bxh6
27. Qxh6 Rxg2 28. Nf4 Rgg8 29. Nce2 N7g6 30. Nxg6 Nxg6 31. Rhf1 Qc7 32. Qh7
Rgf8 33. Ng3 Rc8 34. Rd2 Qe7 35. Rdf2 Rc7 36. Bg7 Rfc8 37. Bf6 Qd7 38. Nf5
Re8 39. Qh1 b4 40. Bd4 Qb5 41. Qf3 Rd7 42. Qg3 Ka8 43. Rd1 Rxe4 44. Nxd6
Qxd5 45. Nxe4 Qxe4+ 46. Rc2 Rxd4 47. Re1 Qf4 48. Re8+ Ka7 49. Qg1 Qg4 50.
Qf2 Qf4 51. Qg1 Qg4 52. Qf2 Qf4 1/2-1/2

[Event "38th Olympiad w"]
[Site "Dresden GER"]
[Date "2008.11.22"]
[Round "9"]
[White "Mohota,N"]
[Black "Collas,S"]
[Result "1/2-1/2"]
[WhiteElo "2311"]
[BlackElo "2352"]
[EventDate "2008.11.13"]

1. d4 Nf6 2. c4 g6 3. Nc3 d5 4. Nf3 Bg7 5. e3 O-O 6. b4 c6 7. Bb2 a6 8. Be2
Bg4 9. h3 Bxf3 10. gxf3 dxc4 11. Bxc4 Qd6 12. a3 e5 13. dxe5 Qxe5 14. f4
Qe7 15. Qb3 Nbd7 16. O-O Nb6 17. Be2 Rad8 18. Rad1 Rxd1 19. Rxd1 Rd8 20.
Kh2 Rxd1 21. Nxd1 Ne4 22. Bxg7 Kxg7 23. Bf3 Nd5 24. Qb2+ Ndf6 25. Qd4 Nd6
26. Nb2 Nb5 27. Qe5 Qxe5 28. fxe5 Nd5 29. Nc4 f6 30. exf6+ Kxf6 31. Bg4 Na7
32. e4 b5 33. e5+ Ke7 34. Nb2 Nb6 35. Be2 Ke6 36. f4 Kd5 37. Nd3 Nc4 38.
Nc5 Nxa3 39. Nxa6 Nc2 40. Kg3 Kd4 41. Bg4 c5 42. Nxc5 Nxb4 43. Ne6+ Ke3 44.
Nc7 Nbc6 45. h4 b4 46. Nd5+ Kd4 47. Nxb4 Nxb4 48. h5 gxh5 49. Bf5 Nac6 50.
Kh4 Nxe5 51. fxe5 Kxe5 1/2-1/2

[Event "38th Olympiad w"]
[Site "Dresden GER"]
[Date "2008.11.22"]
[Round "9"]
[White "Milliet,S"]
[Black "Swathi,G"]
[Result "1-0"]
[WhiteElo "2366"]
[BlackElo "2320"]
[EventDate "2008.11.13"]

1. e4 e5 2. Nf3 Nc6 3. Bc4 Nf6 4. d3 Be7 5. O-O O-O 6. a4 d6 7. a5 a6 8. h3
Be6 9. Nc3 Qd7 10. Bd2 Rae8 11. Nd5 Bd8 12. Bb3 h6 13. c3 Na7 14. Ba4 c6
15. c4 Nh7 16. Ne3 Ng5 17. Nxg5 Bxg5 18. b4 g6 19. Nd5 f5 20. exf5 Bxd5 21.
cxd5 Rxf5 22. d4 exd4 23. Bc2 Nb5 24. Bxf5 Qxf5 25. Bxg5 Qxg5 26. dxc6 bxc6
27. Qd3 Kg7 28. Rae1 Re7 29. Rxe7+ Qxe7 30. Qf3 c5 31. Qc6 d3 32. Qxa6 Qd7
33. Qb6 c4 34. a6 d5 35. Ra1 Na7 36. Qb7 Qf7 37. b5 c3 38. Kf1 c2 39. Qxf7+
Kxf7 40. Ke1 1-0